Equipe Raimon All Time - Statistiques

Statistiques générales
  • Ce quiz a été pris 120 fois
  • Le résultat moyen est 8 sur 16
Statistiques - réponses
Hint Réponse % Correct
GK Mark Evans
100%
BU Axel Blaze
86%
MC Jude Sharp
77%
DC Nathan Swift
70%
BU Victor Blade
57%
MC Arion Sherwind
54%
MOC Riccardo Di Rigo
48%
MG Shawn Froste
46%
DC Gabriel Garcia
45%
DC Goldie
43%
GK JP Lapin
40%
DC Aitor Cazador
37%
MD Sol Daystar
30%
MC Fey Rune
21%
BU Lucien Dark
18%
MC Sonny Wright
11%
Aucun quiz correspondant
Distribution des résultats
% des personnes avec chaque résultat
Percentile par nombre de réponses
Votre historique - résultats
Vous n’avez pas pris ce quiz